التطبيقات الصناعية لعلم الأحياء المجهرية / (Record no. 9114)

MARC details
000 -LEADER
fixed length control field 00805nam a22002297a 4500
005 - DATE AND TIME OF LATEST TRANSACTION
control field 20251108164320.0
008 - FIXED-LENGTH DATA ELEMENTS--GENERAL INFORMATION
fixed length control field 250721s1990 xx 000 0 ara d
082 14 - DEWEY DECIMAL CLASSIFICATION NUMBER
Classification number 660.6/ريف
100 1# - MAIN ENTRY--PERSONAL NAME
Personal name ريفيير، جاك
245 10 - TITLE STATEMENT
Title التطبيقات الصناعية لعلم الأحياء المجهرية /
264 1# - PRODUCTION, PUBLICATION, DISTRIBUTION, MANUFACTURE, AND COPYRIGHT NOTICE
Place of production, publication, distribution, manufacture بغداد :
Name of producer, publisher, distributor, manufacturer وزارة التعليم العالي و البحث العلمي - جامعة صلاح الدين،
Date of production, publication, distribution, manufacture, or copyright notice 1990.
300 ## - PHYSICAL DESCRIPTION
Extent 410ص
650 17 - SUBJECT ADDED ENTRY--TOPICAL TERM
Topical term or geographic name as entry element علم الأحياء الدقيقة
650 17 - SUBJECT ADDED ENTRY--TOPICAL TERM
Topical term or geographic name as entry element التخمر
650 17 - SUBJECT ADDED ENTRY--TOPICAL TERM
Topical term or geographic name as entry element البكتيريا
700 1# - ADDED ENTRY--PERSONAL NAME
Personal name موس، إم. أو.
Relator term ترجمة
700 1# - ADDED ENTRY--PERSONAL NAME
Personal name سميث، ج.أي.
700 1# - ADDED ENTRY--PERSONAL NAME
Personal name محيي الدين، محمد عمر
700 1# - ADDED ENTRY--PERSONAL NAME
Personal name ناصر، نزار إدور
942 ## - ADDED ENTRY ELEMENTS (KOHA)
Source of classification or shelving scheme Dewey Decimal Classification
Koha item type Books
Holdings
حالة السحب حالة الفقدان مصدر التصنيف حالة التلف غير قابل للإعارة المكتبة الرئيسية المكتبة الحالية موقع الرف تاريخ التزويد الرقم المتسلسل Total Checkouts رقم الإستدعاء الباركود تاريخ آخر ظهور تاريخ الفاتورة نوع المادة (كوها)
    Dewey Decimal Classification     مكتبة الأميرة ايمان العامة مكتبة الأميرة ايمان العامة الإعارة 12/11/2013 [7135]   660.6/ريف PLD00285955 28/07/2025 12/11/2013 Books
Implemented & Customized by: BBB with SCIT (Smart Chains for Information Technology)

Powered by Koha